[Event "8. LGA Premium Cup 2011"]
[Site "Nürnberg"]
[Date "2011.09.09"]
[Round "2.19"]
[White "Wagner, Florian"]
[Black "Schneider, Ilja"]
[Result "0-1"]
[WhiteElo "2240"]
[BlackElo "2417"]
[PlyCount "140"]
[EventDate "2011.??.??"]
[WhiteTeam "SC Noris-Tarrasch Nürnberg 1873"]
[BlackTeam "Sfrd. Berlin 1903 e.V."]

1. Nf3 Nf6 2. c4 c6 3. b3 g6 4. e3 Bg7 5. Bb2 O-O 6. Be2 d5 7. O-O Bg4 8. d3 a5
9. a3 Na6 10. Nbd2 Nc5 11. Qc2 Qb6 12. Rab1 Nh5 13. h3 Bxf3 14. Bxf3 Bxb2 15.
Rxb2 Nf6 16. Rc1 d4 17. Re1 Rad8 18. e4 Ra8 19. Bd1 e5 20. Qb1 Nfd7 21. b4 axb4
22. axb4 Na4 23. Bxa4 Rxa4 24. c5 Qa7 25. Nc4 Ra8 26. Qc2 Kg7 27. f4 Ra1 28.
Rxa1 Qxa1+ 29. Rb1 Qc3 30. Qxc3 dxc3 31. Nxe5 Nxe5 32. fxe5 Rd8 33. Rd1 c2 34.
Rc1 Rxd3 35. Rxc2 Rd4 36. Rb2 Rxe4 37. Kf2 Rxe5 38. Kf3 f5 39. Rd2 Kf6 40. Rd7
Re7 41. Rd6+ Kf7 42. g4 fxg4+ 43. hxg4 Ke8 44. g5 Rf7+ 45. Kg4 Rf5 46. Re6+ Kd7
47. Re4 Rd5 48. Kf4 b6 49. cxb6 Rb5 50. Rd4+ Ke6 51. Re4+ Kf7 52. Kg4 Rxb6 53.
Kf4 Rb8 54. Rc4 Rb6 55. Re4 Kg7 56. Re7+ Kf8 57. Re4 Rb7 58. Rc4 Rc7 59. b5
Rf7+ 60. Kg4 cxb5 61. Rc8+ Ke7 62. Rb8 Rf5 63. Rb7+ Ke6 64. Rb6+ Kd7 65. Rb7+
Kc6 66. Rxh7 Re5 67. Kf4 Re6 68. Rh8 b4 69. Rc8+ Kd5 70. Rb8 Kc5 0-1

[Event "8. LGA Premium Cup 2011"]
[Site "Nürnberg"]
[Date "2011.09.09"]
[Round "2.20"]
[White "Siebrecht, Sebastian"]
[Black "Kunz, Konstantin"]
[Result "1-0"]
[WhiteElo "2459"]
[BlackElo "2107"]
[PlyCount "87"]
[EventDate "2011.??.??"]
[WhiteTeam "Sportfreunde Katernberg 1913 e.V"]
[BlackTeam "SC Kitzingen von 1905"]

1. d4 Nf6 2. Nf3 e6 3. c4 b6 4. g3 Ba6 5. Qc2 Bb4+ 6. Bd2 Bxd2+ 7. Nbxd2 c6 8.
e4 d5 9. cxd5 Bxf1 10. Kxf1 cxd5 11. e5 Nfd7 12. Kg2 O-O 13. Rac1 a5 14. a3 b5
15. Qd3 b4 16. Rc2 bxa3 17. bxa3 a4 18. Rhc1 h6 19. Nh4 Nb6 20. f4 N8d7 21. f5
Qg5 22. Ndf3 Qg4 23. Re1 exf5 24. Nxf5 Rfe8 25. Rc6 Re6 26. h3 Qxf5 27. Qxf5
Rxc6 28. e6 fxe6 29. Rxe6 Rac8 30. Re7 Rf8 31. Qg4 Rf7 32. Rxf7 Kxf7 33. Qh5+
Kg8 34. Qe8+ Kh7 35. Ne5 Rc2+ 36. Kf3 Rc3+ 37. Kf4 Nf6 38. Qg6+ Kg8 39. Nf7 Rc7
40. Nxh6+ Kf8 41. Nf5 Nc4 42. g4 Rf7 43. g5 Ne8 44. Qh7 1-0

[Event "8. LGA Premium Cup 2011"]
[Site "Nürnberg"]
[Date "2011.09.09"]
[Round "2.21"]
[White "Schuster, Karsten"]
[Black "Tischbierek, Raj"]
[Result "0-1"]
[WhiteElo "2197"]
[BlackElo "2442"]
[PlyCount "128"]
[EventDate "2011.??.??"]
[WhiteTeam "SC Gröbenzell"]
[BlackTeam "USV TU Dresden"]

1. d4 d6 2. c4 e5 3. d5 f5 4. e4 fxe4 5. Nc3 Nf6 6. Nge2 Bf5 7. Ng3 Bg6 8. Bg5
Be7 9. Bxf6 gxf6 10. h4 Qd7 11. f3 h5 12. fxe4 Na6 13. Be2 O-O-O 14. O-O Rdg8
15. Nf5 Bf8 16. a3 Bxf5 17. Rxf5 Qg7 18. Bf3 Qg3 19. Qe1 Qxe1+ 20. Rxe1 Nc5 21.
Rd1 Bh6 22. Kf2 Nb3 23. Rxh5 Bc1 24. Na4 Rxh5 25. Bxh5 Bf4 26. g4 Nd2 27. Re1
Nxc4 28. Re2 Rg7 29. Nc3 c6 30. b3 Nd2 31. b4 Kc7 32. Kg2 Nc4 33. a4 Bd2 34.
Kh3 Bxc3 35. Rc2 Bxb4 36. Rxc4 c5 37. Rc2 Kd7 38. Kg2 Ke7 39. Kf3 Be1 40. Rh2
c4 41. Ke2 Bc3 42. Kd1 Bd4 43. Rc2 c3 44. Ke2 a6 45. a5 Rg8 46. Kd3 Rc8 47. Rg2
Kf8 48. g5 fxg5 49. hxg5 Kg7 50. Bg4 Rh8 51. Bf5 Rh1 52. g6 Rd1+ 53. Kc2 Ra1
54. Kd3 Ra3 55. Rc2 Kf6 56. Re2 Rb3 57. Rc2 Ra3 58. Re2 Rxa5 59. Rg2 Ra3 60. g7
c2+ 61. Ke2 c1=Q 62. g8=N+ Kf7 63. Be6+ Kf8 64. Rf2+ Ke8 0-1

[Event "8. LGA Premium Cup 2011"]
[Site "Nürnberg"]
[Date "2011.09.09"]
[Round "2.22"]
[White "Hirschberg, Valerian"]
[Black "Hirneise, Tobias"]
[Result "0-1"]
[WhiteElo "2236"]
[BlackElo "2446"]
[PlyCount "72"]
[EventDate "2011.??.??"]
[WhiteTeam "Karlsruher SF 1853"]
[BlackTeam "SV Wattenscheid 1930"]

1. Nf3 d5 2. c4 d4 3. e3 Nc6 4. exd4 Nxd4 5. Nxd4 Qxd4 6. Nc3 c6 7. d3 g6 8.
Be3 Qd8 9. d4 Bg7 10. Be2 Nh6 11. g4 e5 12. dxe5 Qxd1+ 13. Rxd1 Nxg4 14. Bg5
O-O 15. Ne4 Nxe5 16. Nf6+ Bxf6 17. Bxf6 Re8 18. Kd2 Bg4 19. Bxg4 Nxg4 20. Bd4
Re4 21. Kc3 Rf4 22. Rd2 Rd8 23. Rhd1 Rf3+ 24. Rd3 Nxf2 25. Bxf2 Rdxd3+ 26. Rxd3
Rxf2 27. Rd7 Rxh2 28. Rxb7 g5 29. Rxa7 g4 30. Rd7 g3 31. Rd1 h5 32. Rg1 h4 33.
b4 Rxa2 34. b5 cxb5 35. cxb5 Re2 36. b6 Re8 0-1

[Event "8. LGA Premium Cup 2011"]
[Site "Nürnberg"]
[Date "2011.09.09"]
[Round "2.23"]
[White "Mihok, Oliver"]
[Black "Promyshlyanskyy, Vitaliy"]
[Result "1-0"]
[WhiteElo "2431"]
[BlackElo "2182"]
[PlyCount "115"]
[EventDate "2011.??.??"]
[WhiteTeam "Sfrd. Berlin 1903 e.V."]
[BlackTeam "SC Noris-Tarrasch Nürnberg 1873"]

1. e4 e5 2. Nf3 Nc6 3. Bb5 a6 4. Ba4 Nf6 5. O-O b5 6. Bb3 Be7 7. Re1 O-O 8. h3
Bb7 9. d3 d6 10. a3 Na5 11. Ba2 c5 12. Nbd2 Bc8 13. Nf1 Be6 14. Bxe6 fxe6 15.
b4 Nb7 16. c3 Rc8 17. Bd2 Qd7 18. a4 Qc6 19. axb5 axb5 20. Ng5 Nd8 21. bxc5
dxc5 22. Ra7 Bd6 23. Qb3 Bc7 24. Qa2 h6 25. Ra6 Bb6 26. Nf3 Nf7 27. Rb1 Ra8 28.
Rxb5 Qxb5 29. Rxa8 Qxd3 30. Rxf8+ Kxf8 31. Qxe6 Bc7 32. Ng3 Qd6 33. Qc4 Qb6 34.
Be3 Bd6 35. Nh4 Kg8 36. Kh2 Bf8 37. Nf3 Nd7 38. Nf5 Qg6 39. Qd5 Nb6 40. Qb7 Qe6
41. Qb8 Nd7 42. Qc8 Nd6 43. Nxd6 Qxd6 44. Nh4 Kh7 45. Qe8 Qe7 46. Qg6+ Kh8 47.
Nf5 Qd8 48. g4 Nf6 49. g5 hxg5 50. Bxg5 Qe8 51. Nh4 Qxg6 52. Nxg6+ Kg8 53. Bxf6
gxf6 54. Nxf8 Kxf8 55. Kg3 Kg7 56. Kg4 Kg6 57. c4 Kg7 58. Kf5 1-0

[Event "8. LGA Premium Cup 2011"]
[Site "Nürnberg"]
[Date "2011.09.09"]
[Round "2.24"]
[White "Kordts, Wolfgang"]
[Black "Bernadskiy, Vitaliy"]
[Result "0-1"]
[WhiteElo "2152"]
[BlackElo "2439"]
[PlyCount "74"]
[EventDate "2011.??.??"]
[WhiteTeam "SW Nürnberg Süd e.V."]

1. Nf3 g6 2. c4 Bg7 3. Nc3 c5 4. g3 Nc6 5. Bg2 Nh6 6. a3 O-O 7. O-O d6 8. Rb1
a5 9. Ne1 f5 10. d3 e6 11. f4 Ng4 12. e3 g5 13. h3 Nh6 14. Nc2 Kh8 15. Bd2 Rg8
16. Kh1 g4 17. h4 Bf6 18. Kg1 Bd7 19. b4 axb4 20. axb4 cxb4 21. Nxb4 Nxb4 22.
Rxb4 Bc6 23. Qe2 Ra3 24. Rc1 Bf3 25. Qf2 e5 26. Nd5 Rxd3 27. Rxb7 exf4 28. Nxf4
Ra3 29. Bb4 Ra4 30. Nd5 Be5 31. Nc3 Ra6 32. Nd5 Qa8 33. Rb6 Ra2 34. Bd2 Bxg3
35. Qxg3 Rxd2 36. Bf1 Qa2 37. Rxd6 f4 0-1

[Event "8. LGA Premium Cup 2011"]
[Site "Nürnberg"]
[Date "2011.09.09"]
[Round "2.25"]
[White "Hess, Christian"]
[Black "Renner, Christoph"]
[Result "0-1"]
[WhiteElo "2179"]
[BlackElo "2405"]
[PlyCount "112"]
[EventDate "2011.??.??"]
[WhiteTeam "Koenigsspr.SC.1984 e.V."]
[BlackTeam "FC Bayern München e.V."]

1. Nf3 Nf6 2. c4 d6 3. g3 e5 4. Bg2 Be7 5. Nc3 O-O 6. O-O Nbd7 7. Rb1 c6 8. b4
a6 9. a4 d5 10. cxd5 cxd5 11. d4 e4 12. Ne5 Qc7 13. Nxd7 Bxd7 14. Qb3 Be6 15.
Bf4 Qd7 16. a5 Nh5 17. Na4 Nxf4 18. gxf4 Rad8 19. Nc5 Qc7 20. e3 Bd6 21. Rbc1
Qe7 22. Kh1 Kh8 23. f3 f5 24. b5 Bc8 25. Rc3 h6 26. bxa6 bxa6 27. Qd1 Qh4 28.
Qe1 Qh5 29. Qd1 Qh4 30. Qe1 Qe7 31. Qf2 g5 32. fxg5 hxg5 33. f4 Rf7 34. Qe2 Rg8
35. Nxa6 Rfg7 36. Qh5+ Rh7 37. Qe2 Qg7 38. Rf2 Qh6 39. Bf1 Rhg7 40. Rg2 gxf4
41. Rxg7 Kxg7 42. exf4 Bxf4 43. Nc5 Qg5 44. Qg2 Qxg2+ 45. Bxg2 Bb8 46. Bf1 f4
47. Kg2 f3+ 48. Kf2 Kf6 49. a6 Bf5 50. Rb3 Bxh2 51. Rb6+ Kg5 52. a7 Kf4 53. Rb8
e3+ 54. Ke1 Rg1 55. Nd3+ Bxd3 56. Rf8+ Ke4 0-1

[Event "8. LGA Premium Cup 2011"]
[Site "Nürnberg"]
[Date "2011.09.09"]
[Round "2.26"]
[White "Kesik, Klaus-Dieter"]
[Black "Eisenbeiser, Amadeus"]
[Result "1/2-1/2"]
[WhiteElo "2201"]
[BlackElo "2405"]
[PlyCount "106"]
[EventDate "2011.??.??"]
[WhiteTeam "SC Hoyerswerda"]
[BlackTeam "BG Buchen"]

1. d4 g6 2. Nf3 Bg7 3. c4 d6 4. Nc3 e5 5. dxe5 dxe5 6. Qxd8+ Kxd8 7. Ng5 Nh6 8.
Be3 Na6 9. Nge4 Nf5 10. Bg5+ Ke8 11. O-O-O Be6 12. e3 h6 13. Bf6 Bxf6 14. Nxf6+
Kf8 15. Be2 Kg7 16. Nd7 Bxd7 17. Rxd7 Rhd8 18. Rhd1 Rxd7 19. Rxd7 Kf8 20. Nd5
Rc8 21. Bg4 c6 22. Bxf5 gxf5 23. Ne7 Re8 24. Nxf5 Nc5 25. Rc7 Rd8 26. Nxh6 Nd3+
27. Kd2 Nxf2+ 28. Ke2 Ne4 29. Rxf7+ Ke8 30. Rxb7 Rd2+ 31. Kf3 Ng5+ 32. Kg4
Rxg2+ 33. Kf5 Nf3 34. Ke4 Nd2+ 35. Kd3 e4+ 36. Kd4 Rxh2 37. Nf5 Kf8 38. Rxa7
c5+ 39. Ke5 Nxc4+ 40. Ke6 Kg8 41. b3 Nd2 42. Rc7 Nf3 43. Rxc5 Rxa2 44. Rc6 Ra5
45. Nd6 Kg7 46. Rc7+ Kg6 47. b4 Ra3 48. Nc4 Rb3 49. Rb7 Ne1 50. Ne5+ Kg5 51.
Rg7+ Kh4 52. Kf5 Rxb4 53. Rg4+ Kh3 1/2-1/2

[Event "8. LGA Premium Cup 2011"]
[Site "Nürnberg"]
[Date "2011.09.09"]
[Round "2.27"]
[White "Fedorovsky, Michael"]
[Black "Steinbacher, Matthias"]
[Result "0-1"]
[WhiteElo "2336"]
[BlackElo "2182"]
[PlyCount "90"]
[EventDate "2011.??.??"]
[WhiteTeam "SC Tarrasch 45 München"]
[BlackTeam "SF Gerresheim 86 e.V."]

1. d4 Nc6 2. d5 Ne5 3. f4 Ng6 4. f5 Ne5 5. Bf4 d6 6. e4 c6 7. Nc3 Nf6 8. Bxe5
dxe5 9. dxc6 Qxd1+ 10. Rxd1 bxc6 11. Nf3 Nd7 12. Bc4 f6 13. g4 Rb8 14. Na4 e6
15. fxe6 Nc5 16. Nxc5 Bxc5 17. b3 Ke7 18. Ke2 Bxe6 19. Bxe6 Kxe6 20. Rd3 Rb4
21. c4 a5 22. Rhd1 a4 23. Rd7 axb3 24. Rc7 Rb6 25. axb3 g5 26. Rd3 h5 27. h3
hxg4 28. hxg4 Ra6 29. Rb7 Ra2+ 30. Rd2 Rxd2+ 31. Kxd2 Rh3 32. Ke2 Rg3 33. Rc7
Bd6 34. Rxc6 Kd7 35. Ra6 Rxg4 36. Kd3 Rg3 37. Ke2 g4 38. Nd2 Rg2+ 39. Ke3 Bc5+
40. Kd3 Rf2 41. Ra8 g3 42. Rg8 g2 43. Rg6 Ke6 44. Rg8 Bb4 45. Nb1 Rb2 0-1

[Event "8. LGA Premium Cup 2011"]
[Site "Nürnberg"]
[Date "2011.09.09"]
[Round "2.29"]
[White "Reis, Gerhard"]
[Black "Zelbel, Patrick"]
[Result "1/2-1/2"]
[WhiteElo "2169"]
[BlackElo "2390"]
[PlyCount "102"]
[EventDate "2011.??.??"]
[WhiteTeam "SK Zirndorf e.V."]
[BlackTeam "SC Hansa Dortmund e.V."]

1. d4 d5 2. c4 c6 3. Nf3 Nf6 4. Nc3 e6 5. e3 Nbd7 6. Qc2 Bd6 7. g4 h6 8. Bd2
dxc4 9. Bxc4 b5 10. Be2 Bb7 11. g5 hxg5 12. Nxg5 Qb6 13. Rg1 Rxh2 14. e4 Qxd4
15. Be3 Qb4 16. Bd2 Qc5 17. Be3 Qb4 18. Bd2 Bb8 19. Nf3 Rh8 20. Rxg7 Qf8 21.
Rg1 a6 22. O-O-O Bc7 23. Bg5 Qc5 24. Kb1 e5 25. Be3 Qf8 26. Ng5 Bd6 27. f3 Bc5
28. Bxc5 Qxc5 29. Qd2 Qe7 30. Qd3 Rf8 31. Qd2 O-O-O 32. Qd6 Qxd6 33. Rxd6 Ne8
34. Rdd1 Nc5 35. b4 Rxd1+ 36. Bxd1 Ne6 37. Nxe6 fxe6 38. Rg6 Kd7 39. Kc1 Rf6
40. Rg8 Rh6 41. Kd2 Ke7 42. Bb3 Bc8 43. Ke3 Bd7 44. Nd1 Nd6 45. Nf2 Be8 46. Rg1
Rh5 47. Rc1 Nb7 48. a4 Kd6 49. Rd1+ Ke7 50. Rc1 Kd6 51. Rd1+ Ke7 1/2-1/2

[Event "8. LGA Premium Cup 2011"]
[Site "Nürnberg"]
[Date "2011.09.09"]
[Round "2.30"]
[White "Zude, Erik"]
[Black "Göbel, Constantin"]
[Result "1/2-1/2"]
[WhiteElo "2368"]
[BlackElo "2224"]
[PlyCount "58"]
[EventDate "2011.??.??"]
[WhiteTeam "SV 1920 Hofheim"]
[BlackTeam "TSV Schott Mainz"]

1. d4 Nf6 2. c4 e6 3. Nc3 Bb4 4. e3 O-O 5. Bd3 d5 6. Nf3 c5 7. O-O Nc6 8. a3
Bxc3 9. bxc3 Qc7 10. Bb2 Rd8 11. h3 b6 12. cxd5 exd5 13. Qe2 Qe7 14. dxc5 bxc5
15. c4 dxc4 16. Bxc4 Na5 17. Rac1 Bb7 18. Ba6 Ne4 19. Bxb7 Qxb7 20. Rb1 Qd5 21.
Ba1 f6 22. Qb5 Nc4 23. Rbc1 Ncd6 24. Qe2 Qb3 25. Rfd1 Qxa3 26. Qc2 Rab8 27. Rd3
Qb4 28. Qa2+ Kh8 29. Ra3 Rd7 1/2-1/2

[Event "8. LGA Premium Cup 2011"]
[Site "Nürnberg"]
[Date "2011.09.09"]
[Round "2.31"]
[White "Fuchs, Judith"]
[Black "Köpke, Christian"]
[Result "0-1"]
[WhiteElo "2189"]
[BlackElo "2319"]
[PlyCount "80"]
[EventDate "2011.??.??"]
[WhiteTeam "Hamburger SK von 1830 eV"]
[BlackTeam "SC Tarrasch 45 München"]

1. e4 c5 2. Nf3 d6 3. d4 cxd4 4. Nxd4 Nf6 5. Nc3 g6 6. Be3 Bg7 7. f3 O-O 8. Qd2
Nc6 9. Bc4 Bd7 10. O-O-O Rc8 11. Bb3 Nxd4 12. Bxd4 b5 13. Nd5 Nxd5 14. Bxg7
Kxg7 15. exd5 a5 16. a3 Kg8 17. h4 b4 18. axb4 axb4 19. Qxb4 Rb8 20. Qd4 Qa5
21. Qc3 Qb6 22. Qd4 Qa5 23. Qc3 Rb4 24. Qe3 Rc8 25. g4 Qa1+ 26. Kd2 Qxb2 27.
Ke1 Ba4 28. Bxa4 Rxa4 29. Rh2 Rxc2 30. Rxc2 Qxc2 31. Rd2 Qc1+ 32. Kf2 Ra3 33.
Qe2 Ra1 34. Kg3 Qg1+ 35. Qg2 Qe3 36. Kh2 Qf4+ 37. Kh3 Ra3 38. Rf2 Rd3 39. Qf1
Rxd5 40. Qa1 Re5 0-1

[Event "8. LGA Premium Cup 2011"]
[Site "Nürnberg"]
[Date "2011.09.09"]
[Round "2.34"]
[White "Höfelsauer, Thomas"]
[Black "Zozulia, Anna"]
[Result "0-1"]
[WhiteElo "2185"]
[BlackElo "2355"]
[PlyCount "58"]
[EventDate "2011.??.??"]
[WhiteTeam "SK München Südost e.V."]
[BlackTeam "SV Mülheim-Nord 1931 e"]

1. Nf3 Nf6 2. d4 g6 3. c4 Bg7 4. g3 O-O 5. Bg2 d6 6. Nc3 Nbd7 7. O-O e5 8. e4
c6 9. h3 exd4 10. Nxd4 Re8 11. Be3 Nc5 12. Qc2 a5 13. Rad1 Qe7 14. Rfe1 a4 15.
f4 h5 16. Bf2 Nfd7 17. Re2 Nf8 18. Red2 Nfd7 19. Nde2 Nf6 20. Rxd6 Nfxe4 21.
Nxe4 Nxe4 22. Bxe4 Qxe4 23. Qxe4 Rxe4 24. Rd8+ Kh7 25. R1d2 Bf6 26. Nc3 Rxc4
27. Re8 a3 28. Ne4 Rxe4 29. Rxe4 axb2 0-1

[Event "8. LGA Premium Cup 2011"]
[Site "Nürnberg"]
[Date "2011.09.09"]
[Round "2.37"]
[White "Klein, David"]
[Black "Guthmann, Peter"]
[Result "1-0"]
[WhiteElo "2339"]
[BlackElo "2190"]
[PlyCount "77"]
[EventDate "2011.??.??"]
[WhiteTeam "Hamburger SK von 1830 eV"]
[BlackTeam "FC Gunzenhausen 1910 e.V"]

1. e4 c5 2. Nf3 d6 3. d4 cxd4 4. Nxd4 Nf6 5. Nc3 a6 6. Be3 Ng4 7. Bg5 h6 8. Bf4
g5 9. Bg3 Bg7 10. h3 Ne5 11. Nf5 Bxf5 12. exf5 Nbc6 13. Nd5 e6 14. fxe6 fxe6
15. Ne3 Qa5+ 16. c3 d5 17. Be2 O-O 18. O-O b5 19. Re1 Rad8 20. Ng4 Qb6 21. Bd3
Nxd3 22. Qxd3 h5 23. Rxe6 hxg4 24. Qg6 Ne7 25. Qxg7+ Kxg7 26. Rxb6 gxh3 27.
Be5+ Kf7 28. Re1 Ng8 29. gxh3 Rfe8 30. Re3 Rd7 31. Rxa6 Re6 32. Rxe6 Kxe6 33.
Bd4+ Kf5 34. Rf3+ Ke4 35. Re3+ Kf5 36. Kg2 Nh6 37. Re8 b4 38. cxb4 Kf4 39. b5
1-0

[Event "8. LGA Premium Cup 2011"]
[Site "Nürnberg"]
[Date "2011.09.09"]
[Round "2.39"]
[White "Prusikin, Michael"]
[Black "Götz, Heiko"]
[Result "1-0"]
[WhiteElo "2507"]
[BlackElo "2112"]
[PlyCount "47"]
[EventDate "2011.??.??"]
[WhiteTeam "SC Forchheim e.V."]
[BlackTeam "SV Mendig-Mayen e.V."]

1. Nf3 e6 2. g3 d5 3. Bg2 c6 4. O-O Be7 5. d3 Nf6 6. Nbd2 Qb6 7. e4 O-O 8. Qe2
a5 9. e5 Nfd7 10. Re1 a4 11. a3 Qa7 12. Nf1 b5 13. h4 c5 14. N1h2 Nc6 15. Bf4
b4 16. Ng5 Nd4 17. Qh5 Bxg5 18. hxg5 Nxc2 19. Ng4 f5 20. exf6 Nxe1 21. Rxe1
gxf6 22. Rxe6 Nb6 23. Nxf6+ Rxf6 24. Rxf6 1-0

[Event "8. LGA Premium Cup 2011"]
[Site "Nürnberg"]
[Date "2011.09.09"]
[Round "2.40"]
[White "Siegel, Adrian"]
[Black "Huss, Rolf"]
[Result "1-0"]
[WhiteElo "1992"]
[BlackElo "2057"]
[PlyCount "63"]
[EventDate "2011.??.??"]
[WhiteTeam "ASK Rèti"]
[BlackTeam "SC Fulda"]

1. c4 g6 2. Nc3 Bg7 3. g3 e5 4. e4 d6 5. Bg2 Nc6 6. Nge2 Nd4 7. d3 Bg4 8. h3
Bf3 9. Bxf3 Nxf3+ 10. Kf1 c6 11. Kg2 Qf6 12. b4 h5 13. b5 h4 14. bxc6 bxc6 15.
Qa4 Rc8 16. Nd5 Qe6 17. Kxf3 hxg3 18. Nxg3 Qd7 19. Nc3 f5 20. Kg2 f4 21. Nge2
g5 22. Ng1 g4 23. Qd1 f3+ 24. Kf1 Ne7 25. Rb1 Ng6 26. Nxf3 gxf3 27. Qxf3 Nf4
28. Bxf4 exf4 29. Ne2 O-O 30. Qg4 Qf7 31. Rg1 Rc7 32. Nd4 1-0

[Event "8. LGA Premium Cup 2011"]
[Site "Nürnberg"]
[Date "2011.09.09"]
[Round "2.41"]
[White "Sieber, Heiko"]
[Black "Lanka, Zigurds"]
[Result "0-1"]
[WhiteElo "1921"]
[BlackElo "2423"]
[PlyCount "44"]
[EventDate "2011.??.??"]
[WhiteTeam "PTSV SK Hof 1892"]
[BlackTeam "TSV Schott Mainz"]

1. Nf3 c5 2. e4 e6 3. Nc3 a6 4. d4 cxd4 5. Nxd4 Qc7 6. Be3 Bb4 7. Nde2 Nf6 8.
Qd3 Nc6 9. f4 d5 10. O-O-O dxe4 11. Nxe4 Nd5 12. Bd2 Be7 13. N2c3 O-O 14. Nxd5
exd5 15. Ng5 g6 16. Qxd5 Bf5 17. Nxf7 Rxf7 18. Bc4 Raf8 19. a3 Bf6 20. Qc5 Bd4
21. Bxf7+ Qxf7 22. Qd6 Qa2 0-1

[Event "8. LGA Premium Cup 2011"]
[Site "Nürnberg"]
[Date "2011.09.09"]
[Round "2.46"]
[White "Frey, Alisa"]
[Black "Klundt, Klaus"]
[Result "0-1"]
[WhiteElo "2085"]
[BlackElo "2356"]
[PlyCount "62"]
[EventDate "2011.??.??"]
[WhiteTeam "SC Eppingen"]
[BlackTeam "SC Heusenstamm"]

1. e4 c5 2. Nf3 Nc6 3. d4 cxd4 4. Nxd4 Qb6 5. Nb3 Nf6 6. Nc3 e6 7. Be3 Qc7 8.
a3 d6 9. Be2 a6 10. O-O b5 11. f4 Be7 12. Qe1 Bb7 13. Qg3 O-O 14. f5 Kh8 15.
Nc5 Bc8 16. Rad1 Ne5 17. Nd3 Nc4 18. Bg5 Bb7 19. Kh1 Nxe4 20. Nxe4 Bxe4 21.
Bxe7 Qxe7 22. f6 gxf6 23. Qh4 d5 24. Nf4 Ne3 25. Bd3 Rg8 26. Rf3 Rg4 27. Qh5
Rg5 28. Qh4 Nxd1 29. Bxe4 dxe4 30. Rh3 Rg7 31. Nh5 Qc5 0-1

[Event "8. LGA Premium Cup 2011"]
[Site "Nürnberg"]
[Date "2011.09.09"]
[Round "2.51"]
[White "Meier, Volker"]
[Black "Feldheim, Jonas"]
[Result "1/2-1/2"]
[WhiteElo "2242"]
[BlackElo "1987"]
[PlyCount "47"]
[EventDate "2011.??.??"]
[WhiteTeam "SC Tarrasch 45 München"]
[BlackTeam "SC Erlangen 48/88 e.V."]

1. e4 c5 2. Nf3 g6 3. d4 cxd4 4. Nxd4 Bg7 5. c4 Nc6 6. Be3 Nf6 7. Nc3 O-O 8.
Be2 d6 9. O-O Bd7 10. Rc1 Nxd4 11. Bxd4 Be6 12. f3 a5 13. Qd2 a4 14. Nd5 Nd7
15. Kh1 Nc5 16. Be3 Re8 17. Rfd1 Bxd5 18. cxd5 Qa5 19. Rc4 b5 20. Qxa5 Rxa5 21.
Rc2 b4 22. Bd4 b3 23. axb3 axb3 24. Rc4 1/2-1/2

[Event "8. LGA Premium Cup 2011"]
[Site "Nürnberg"]
[Date "2011.09.09"]
[Round "2.55"]
[White "Hector, Jonny"]
[Black "Münzenberg, Dietrich"]
[Result "1-0"]
[WhiteElo "2532"]
[BlackElo "1598"]
[PlyCount "57"]
[EventDate "2011.??.??"]
[WhiteTeam "SK Turm Emsdetten e.V."]
[BlackTeam "Spvg Zabo-Eintracht Nürnberg e.V"]

1. e4 c6 2. d4 d5 3. Nd2 dxe4 4. Nxe4 Nd7 5. Ng5 Ngf6 6. Bc4 e6 7. Qe2 Nb6 8.
Bd3 c5 9. N1f3 Bd6 10. dxc5 Bxc5 11. Ne5 O-O 12. Bd2 Nbd5 13. c4 Nb4 14. Bb1 h6
15. Ngf3 Qb6 16. O-O Nc6 17. Nxc6 Qxc6 18. Bc3 Be7 19. Ne5 Qc7 20. Qc2 b6 21.
Ng4 Rd8 22. Nxf6+ Bxf6 23. Qh7+ Kf8 24. Bb4+ Ke8 25. Qg8+ Kd7 26. Qxf7+ Kc6 27.
Be4+ Rd5 28. Bxd5+ exd5 29. Qxd5# 1-0

[Event "8. LGA Premium Cup 2011"]
[Site "Nürnberg"]
[Date "2011.09.09"]
[Round "2.56"]
[White "Osmanovic, Faruk"]
[Black "Melzner, Lukas"]
[Result "1/2-1/2"]
[WhiteElo "1979"]
[BlackElo "2117"]
[PlyCount "64"]
[EventDate "2011.??.??"]
[WhiteTeam "SC Blau.Turm Bad Wimpfen"]
[BlackTeam "SK Klosterlechfeld"]

1. e4 e6 2. d3 d5 3. Qe2 dxe4 4. dxe4 b6 5. Nd2 Ba6 6. Nc4 Nf6 7. Nf3 Be7 8.
Bf4 O-O 9. Rd1 Qc8 10. g3 Qb7 11. Nfd2 Nc6 12. c3 e5 13. Bg5 Rad8 14. Bxf6 Bxf6
15. Qg4 Bb5 16. b3 g6 17. Be2 h5 18. Qf3 Bg5 19. h4 Bxd2+ 20. Rxd2 Rxd2 21.
Nxd2 Bxe2 22. Qxe2 b5 23. b4 a5 24. a3 axb4 25. axb4 Ne7 26. O-O Qc6 27. c4
bxc4 28. Qxc4 Rd8 29. Rc1 Rxd2 30. Qxc6 Nxc6 31. Rxc6 Rb2 32. Rc4 Kg7 1/2-1/2

[Event "8. LGA Premium Cup 2011"]
[Site "Nürnberg"]
[Date "2011.09.09"]
[Round "2.58"]
[White "Saathoff, Richard"]
[Black "Werner, Thomas"]
[Result "1/2-1/2"]
[WhiteElo "2111"]
[BlackElo "1930"]
[PlyCount "32"]
[EventDate "2011.??.??"]
[WhiteTeam "SW Nürnberg Süd e.V."]
[BlackTeam "SW Nürnberg Süd e.V."]

1. e4 c6 2. d4 d5 3. exd5 cxd5 4. c4 Nf6 5. Nc3 Nc6 6. Bg5 e6 7. Nf3 Be7 8. Rc1
O-O 9. c5 Ne4 10. Bxe7 Qxe7 11. Be2 Rd8 12. O-O e5 13. dxe5 Nxc3 14. Rxc3 d4
15. Rd3 Qxc5 16. Re1 Bf5 1/2-1/2

[Event "8. LGA Premium Cup 2011"]
[Site "Nürnberg"]
[Date "2011.09.09"]
[Round "2.60"]
[White "Eiber, Manfred"]
[Black "Nöckler, Alexander"]
[Result "1-0"]
[WhiteElo "2121"]
[BlackElo "1848"]
[PlyCount "43"]
[EventDate "2011.??.??"]
[WhiteTeam "SW Nürnberg Süd e.V."]
[BlackTeam "SK Weiden 1907"]

1. d4 d5 2. Nf3 Nf6 3. Bf4 e6 4. Nbd2 Be7 5. e3 O-O 6. Bd3 b6 7. Qe2 Bb7 8. Ng5
Bd6 9. Be5 h6 10. h4 Qe7 11. Bxf6 gxf6 12. Nh7 Re8 13. Qh5 Kg7 14. g4 Rh8 15.
g5 fxg5 16. hxg5 Rxh7 17. gxh6+ Kh8 18. Bxh7 Kxh7 19. Rg1 Nc6 20. Rg7+ Kh8 21.
Rxf7 Qe8 22. Qg6 1-0

[Event "8. LGA Premium Cup 2011"]
[Site "Nürnberg"]
[Date "2011.09.09"]
[Round "2.61"]
[White "Stein, Marco"]
[Black "Luther, Helmut"]
[Result "1/2-1/2"]
[WhiteElo "2046"]
[BlackElo "1878"]
[PlyCount "64"]
[EventDate "2011.??.??"]
[WhiteTeam "SV Alsfeld"]
[BlackTeam "SW Nürnberg Süd e.V."]

1. d4 d5 2. c4 e6 3. Nf3 f5 4. Nc3 Nf6 5. e3 c6 6. Qc2 Bd6 7. Bd3 Ne4 8. a3 O-O
9. b3 Nd7 10. Bb2 Ndf6 11. O-O Qe8 12. Ne5 Qh5 13. f3 Nxc3 14. Bxc3 Bd7 15. Bb4
Bxb4 16. axb4 a6 17. Qe2 Kh8 18. b5 dxc4 19. bxc4 cxb5 20. cxb5 Bxb5 21. Bxb5
axb5 22. Rxa8 Rxa8 23. Qxb5 Qe8 24. Qxb7 Nd5 25. Nf7+ Kg8 26. Nd6 Qf8 27. Qd7
Qf6 28. Rc1 h6 29. Rc8+ Rxc8 30. Qxc8+ Kh7 31. Nc4 f4 32. Qa8 fxe3 1/2-1/2

[Event "8. LGA Premium Cup 2011"]
[Site "Nürnberg"]
[Date "2011.09.09"]
[Round "2.62"]
[White "Adelhütte, Dennis"]
[Black "Klek, Hanna-Marie"]
[Result "1/2-1/2"]
[WhiteElo "1950"]
[BlackElo "2160"]
[PlyCount "49"]
[EventDate "2011.??.??"]
[WhiteTeam "SC Erlangen 48/88 e.V."]
[BlackTeam "SC Erlangen 48/88 e.V."]

1. d4 g6 2. e4 Bg7 3. c4 d6 4. Nc3 Nf6 5. f3 O-O 6. Be3 a6 7. Qd2 Nbd7 8. Bd3
c5 9. Nge2 Qa5 10. a3 cxd4 11. Nxd4 Ne5 12. Be2 Bd7 13. b4 Qd8 14. Rc1 Rc8 15.
Nd5 Nc6 16. O-O Be6 17. Nxe6 fxe6 18. Nf4 Qd7 19. Rfd1 e5 20. Nd5 Nxd5 21.
Qxd5+ Kh8 22. c5 Nd4 23. Bxd4 exd4 24. Bc4 Rc7 25. cxd6 1/2-1/2

[Event "8. LGA Premium Cup 2011"]
[Site "Nürnberg"]
[Date "2011.09.09"]
[Round "2.63"]
[White "Krauß, Josef"]
[Black "Süß, Stefan"]
[Result "1-0"]
[WhiteElo "2136"]
[BlackElo "1864"]
[PlyCount "27"]
[EventDate "2011.??.??"]
[WhiteTeam "SV Würzburg von 1865 e.V."]
[BlackTeam "SC Noris-Tarrasch Nürnberg 1873"]

1. e4 c5 2. c3 d5 3. exd5 Qxd5 4. d4 Nc6 5. Nf3 e5 6. Nxe5 Nxe5 7. dxe5 Qxe5+
8. Be3 Nf6 9. Bb5+ Bd7 10. Bxd7+ Nxd7 11. Na3 O-O-O 12. Qa4 Nb6 13. Qxa7 Kc7
14. Qxb6+ 1-0